| 000 | 00654nam a2200253Ia 4500 | ||
|---|---|---|---|
| 008 | 210210b2013 xxu||||| |||| 00| 0 eng d | ||
| 020 | _a9788177083439 | ||
| 041 | _aeng | ||
| 082 | _a658.152 CHAW | ||
| 100 | _aCHADAMIYA (Bhavesh P) | ||
| 245 | _aWorking capital management: strategic techniques and choices | ||
| 260 |
_aNew Delhi _bNew Century Publications _c2013 |
||
| 300 | _axvi, 179 | ||
| 650 | _aWorking | ||
| 650 | _atechniques | ||
| 650 | _astrategic | ||
| 650 | _amanagement: | ||
| 650 | _achoices | ||
| 650 | _acapital | ||
| 650 | _aand | ||
| 690 | _aFinancial Management | ||
| 700 | _aMENAPARA (Mital R) | ||
| 906 | _a067672 | ||
| 999 |
_c150820 _d150820 |
||